1906 1892 1588 1657 1023 1592 1330 1432 1470 1680 1226 1116 1582 1425 1420 1433 1105 1125 1586 1436 1184 1386 1069 1894 1916 1111 1155 1306 1265 1058 1651 1009 1817 1448 1917 1011 1913 1616 1215 1521 1083 1271 1861 1977 1308 1811 1527 1714 1956 1745 1046 1974 1153 1941 1098 1498 1093 1421 1347 1079 1432 1613 1711 1302 1489 1539 1804 1495 1102 1325 1897 1383 1593 1945 1201 1595 1915 1593 1535 1292 1943 1560 1344 1703 1490 1647 1851 1376 1834 1384 1344 1668 1187 1885 1155 1748 1007 1844 1362 BCNSPRNW ULIB Ver.6.0+V

เปลี่ยนเป็นภาษาไทย

Change to English
 แสดงรายละเอียดบรรณานุกรม
  กลับหน้าหลัก

Brief Record : Get Marc (ISO 2709) : E-mail record : QR code < ปิดหน้าต่าง
LEADER : 00000nam 2200000uu 4500
001    13399121897
003     ULIB
008    120731s2552||||th 000 0 tha d
020    ^a9786110600552
090    ^aนว.^bม750ต 2552
100 0  ^aเมเปิ้ลสีขาว
245 00 ^aต่างรักตรงใจ /^cเมเปิ้ลสีขาว
250    ^aพิมพ์ครั้งที่ 1
260    ^aกรุงเทพฯ :^bแจ่มใส,^c2552
300    ^a443 หน้า
500    ชุดพิเศษ ความรู้สึกดี...ที่เรียกว่ารัก
710 1  ^aแจ่มใส
945    ^p269^l0^i15939
995    ^aกัณชพร
999    ^aใช้งานได้ทุกระบบ
รายการนี้ยังไม่มีแท็ก
คุณยังไม่ได้ล็อกอิน คุณสามารถมีกิจกรรมร่วมกับเว็บไซต์ได้ แต่ต้องล็อกอินก่อน ::
  ล็อกอิน

รายการสื่อสารสนเทศ

ลำดับที่ ประเภท เลขเรียก/บาร์โค้ด สถานที่ สถานะ
1. นวนิยาย
นวนิยาย
นว. ม750ต 2552 ฉ.1 
  Barcode: 15939
ห้องสมุดวิทยาเขตสวรรค์ประชารักษ์
►นวนิยาย
บนชั้น
  ขอยืม

รายการใกล้เคียง
    ผู้แต่ง [เมเปิ้ลสีขาว]

BibComment


ยังไม่เคยถูกคอมเมนท์

คอมเมนท์ทรัพยากรรายการนี้
  คอมเมนท์: ต่างรักตรงใจ เม..


 Copyright 2026. Bcnsprnw @Library